Üdvözlet Gombásról Gombás község
Zobrazenie: Pohľad na ulicu s radom dreveníc vpravo. Vľavo je pozdĺž cesty drevený plot z rôznych častí. Vľavo za plotom je medzi hustými listnatými stromami a kríkmi drevený kríž. Vpravo v popredí vidno stáť ženu v ľudovom odeve
| Format: | Photo |
|---|---|
| Language: | Hungarian Slovak |
| PhysicalDescription: | 1 pohľadnica čiernobiela 9 x 14 cm |
| Published: |
[Gombás?]
a gombási keresztény fogy. szövetkezet kiadása
[1909?]
|
| Subjects: |
MARC
| LEADER | 00000ckm a2200000 a 4500 | ||
|---|---|---|---|
| 001 | vtls010094032 | ||
| 003 | SK-MaSNL | ||
| 005 | 20260301172448.0 | ||
| 007 | kf bo | ||
| 008 | 200701q1909 xo g kuhun | ||
| 015 | |a SNBG1909 | ||
| 040 | |a SNK |b slo |c SNK |e AACR2 | ||
| 041 | 0 | |a hun |a slo | |
| 043 | |a e-xo--- | ||
| 044 | |a xo |c SK | ||
| 072 | 7 | |a 913 |x Regionálna geografia |2 konspekt | |
| 080 | |a 913(437.6) |2 2011 | ||
| 080 | |a 728.3 |2 2011 | ||
| 080 | |a 725.94 |2 2011 | ||
| 080 | |a 72.031.4 |2 2011 | ||
| 080 | |a 694.1 |2 2011 | ||
| 080 | |a 391 |2 2011 | ||
| 080 | |a 27-526.6 |2 2011 | ||
| 080 | |a 39 |2 2011 | ||
| 080 | |a 94(084.121) |2 2011 | ||
| 245 | 0 | 0 | |a Üdvözlet Gombásról |h grafika |b Gombás község |
| 246 | 3 | 1 | |a Üdvozlet Gomásról |b Pozdrav z Gombáša |
| 260 | |a [Gombás?] |b a gombási keresztény fogy. szövetkezet kiadása |c [1909?] | ||
| 300 | |a 1 pohľadnica |b čiernobiela |c 9 x 14 cm | ||
| 500 | |a Názvové údaje prevzaté z obrazovej časti pohľadnice | ||
| 520 | 8 | |a Zobrazenie: Pohľad na ulicu s radom dreveníc vpravo. Vľavo je pozdĺž cesty drevený plot z rôznych častí. Vľavo za plotom je medzi hustými listnatými stromami a kríkmi drevený kríž. Vpravo v popredí vidno stáť ženu v ľudovom odeve | |
| 650 | 0 | 7 | |a drevené stavby |2 SNKPH |9 2987 |
| 650 | 0 | 7 | |a ľudová architektúra |2 SNKPH |9 2956 |
| 650 | 0 | 7 | |a ľudové odevy |2 SNKPH |9 85297 |
| 650 | 0 | 7 | |a kríže |2 SNKPH |9 27520 |
| 650 | 0 | 7 | |a rodinné domy |2 SNKPH |9 2984 |
| 650 | 0 | 7 | |a etnografia |2 SNKPH |9 950 |
| 651 | 7 | |a Hubová (Slovensko) |2 SNKPHgeo |9 22305 | |
| 655 | 7 | |a miestne pohľadnice |2 SNKPH |9 70510 | |
| 655 | 7 | |a žánrové pohľadnice |2 SNKPH |9 70524 | |
| 655 | 7 | |a historické pohľadnice |2 SNKPH |9 159703 | |
| 958 | |a GBN | ||
| 958 | |a GC | ||
| 958 | |a ONDV | ||
| 999 | |c 833549 |d 835479 | ||
| 952 | |a SNK |b SNK |y PREZ |7 0 |p 17A0656346 |o snkSP 13782 |z Pohľadnica prešla poštou. |0 0 |1 0 |4 0 |d 2010-05-11 |f 1 |l 0 |r 2026-02-24 03:45:36 |w 2026-02-24 | ||


